|
|
|
|
| LEADER |
00000nam#a2200000#a#4500 |
| 001 |
011768 |
| 005 |
20160721150823.0 |
| 008 |
960529s1993####sp##################spa#d |
| 020 |
|
|
|a 8475092004
|
| 040 |
|
|
|a AR-beUNQ
|
| 099 |
|
|
|a 17-G15
|
| 100 |
1 |
|
|a Gombrich, Ernst H
|
| 245 |
0 |
0 |
|a Arte, percepción y realidad : conferencias en memoria de Alvin y Fanny Blaustein Thalheimer, 1970
|c Ernst H Gombrich ; Julian Hochberg ; Max Black.
|
| 250 |
|
|
|a 2a. ed.
|
| 260 |
|
|
|a Barcelona :
|b Paidós,
|c 1993
|
| 300 |
|
|
|a 175 p. :
|b il., gráficos
|
| 490 |
0 |
|
|a Paidós comunicación ;
|v v. 3
|
| 650 |
|
7 |
|a HISTORIA
|2 Spines
|
| 650 |
|
7 |
|a ASPECTOS PSICOLOGICOS
|2 Spines
|
| 650 |
|
7 |
|a PERCEPCION
|2 Spines
|
| 650 |
|
7 |
|a ARTE
|2 toit
|
| 700 |
1 |
|
|a Hochberg, Julian
|
| 700 |
1 |
|
|a Black, Max
|
| 929 |
|
|
|a COMPRA
|b Paidós
|c Exp. 827-0567/95
|d 13,30
|e 19950921
|j 15456
|
| 929 |
|
|
|a COMPRA
|b Paidós
|c Exp. 827-0567/95
|d 13,30
|e 19950921
|j 15457
|
| 942 |
|
|
|c LIB
|n 0
|
| 999 |
|
|
|c 14184
|d 89571
|